Macro-economics theory: a mathematical treatment / (Record no. 256)

MARC details
000 -LEADER
fixed length control field 00610nam a22001577a 4500
008 - FIXED-LENGTH DATA ELEMENTS--GENERAL INFORMATION
fixed length control field 111109t xxu||||| |||| 00| 0 eng d
050 ## - LIBRARY OF CONGRESS CALL NUMBER
Classification number HB74.M3.A36
100 ## - MAIN ENTRY--PERSONAL NAME
Personal name Allen, R.G.D.
245 ## - TITLE STATEMENT
Title Macro-economics theory: a mathematical treatment /
Statement of responsibility, etc. R.G.D. Allen
260 ## - PUBLICATION, DISTRIBUTION, ETC.
Place of publication, distribution, etc. London:
Name of publisher, distributor, etc. Macmillan,
Date of publication, distribution, etc. c1967.
300 ## - PHYSICAL DESCRIPTION
Extent ix, 420 p.:
Other physical details ill.
Dimensions 21cm.
500 ## - GENERAL NOTE
General note Includes index.
505 ## - FORMATTED CONTENTS NOTE
Formatted contents note Contents: Introduction -- The Tools -- Short-period equilibrium: Keynes and the classics -- Long-period equilibrium: Growth models -- Medium-period disequilibrium: Cycle models.
650 ## - SUBJECT ADDED ENTRY--TOPICAL TERM
Topical term or geographic name entry element macroeconomics
942 ## - ADDED ENTRY ELEMENTS (KOHA)
Source of classification or shelving scheme Library of Congress Classification
Koha item type Books
Holdings
Withdrawn status Lost status Source of classification or shelving scheme Damaged status Not for loan Home library Current library Shelving location Date acquired Total Checkouts Full call number Barcode Date last seen Price effective from Koha item type
    Library of Congress Classification     WISCONSIN INTERNATIONAL UNIVERSITY COLLEGE, GHANA - MAIN LIBRARY WISCONSIN INTERNATIONAL UNIVERSITY COLLEGE, GHANA - MAIN LIBRARY General Stacks 09/11/2011   HB74.M3.A36 716/11 09/11/2011 09/11/2011 Books

If you have any concerns or questions; kindly contact the library


© Powered by WIUC ICT DIRECTORATE